[Event "It"]
[Site "masterchessopen.com – Budapest (Hungary)"]
[Round "0"]
[White "Boguslawsky Maxim (RUS)"]
[Black "Roth Andreas"]
[Result "0-1"]
[WhiteElo "2300"]
[BlackElo "1519"]

1.e4 e6 2.d4 d5 3.Nd2 Nc6 4.Ngf3 Nf6 5.e5 Nd7 6.Bd3 Nb4 7.Be2 c5 8.c3 Nc6
9.O-O cxd4 10.cxd4 f6 11.Re1 fxe5 12.dxe5 Be7 13.Bb5 Qb6 14.Bxc6 bxc6 15.Nb3
O-O 16.Be3 c5 17.Rc1 Bb7 18.Qc2 Rac8 19.Bg5 Rxf3 20.Bxe7 Rf7 21.Bh4 c4 22.Nd2
Nc5 23.Re2 Nd3 24.Rb1 Nf4 25.Ree1 d4 26.Ne4 d3 27.Qd2 Bxe4 28.Rxe4 c3 29.Qe1
d2 {#R} 0-1

[Event "Ch City (qual)"]
[Site "masterchessopen.com – Rio de Janeiro (Brazil)"]
[Date "1988.07.24"]
[Round "6"]
[White "Cunha Eduardo A (BRA)"]
[Black "Silveira Flavio M (BRA)"]
[Result "0-1"]
[WhiteElo "2242"]
[BlackElo "2385"]

1.e4 e6 2.d4 d5 3.Nd2 Nc6 4.Ngf3 Nf6 5.e5 Nd7 6.Bd3 f6 7.exf6 Qxf6 8.O-O Bd6
9.Re1 O-O 10.Nf1 e5 11.Bg5 Qf7 12.dxe5 Ndxe5 13.Be2 Be6 14.Bh4 Nxf3+ 15.Bxf3
Ne5 16.Bh5 g6 17.f4 Qxf4 18.Bg3 Qf5 19.Qd4 c5 20.Qe3 d4 21.Qe2 Bd5 22.Bg4 Nxg4
23.Bxd6 Qf2+ 24.Qxf2 Rxf2 25.Ne3 dxe3 26.Red1 Rxg2+ {#R} 0-1

[Event "corr."]
[Site "masterchessopen.com – Belgium"]
[Round "0"]
[White "Denys Frank (BEL)"]
[Black "Van De Wynkele Eric (BEL)"]
[Result "1-0"]
[WhiteElo "1867"]
[BlackElo "2086"]

1.e4 e6 2.d4 d5 3.Nd2 Nc6 4.Ngf3 Nf6 5.e5 Nd7 6.Nb3 Be7 7.c3 f6 8.Bf4 O-O
9.Bg3 fxe5 10.dxe5 Qe8 11.Bd3 Qh5 12.Qe2 Nd8 13.Qe3 c5 14.Be2 Nc6 15.O-O a6
16.a4 b6 17.Nfd4 cxd4 18.Nxd4 Qf7 19.Nxc6 Bc5 20.Nd4 a5 21.Bg4 {#r} 1-0

[Event "Ch Denmark (qual)"]
[Site "masterchessopen.com – Denmark"]
[Round "0"]
[White "Kristensen Jorgen Juul (DEN)"]
[Black "Pedersen Jacob Bang (DEN)"]
[Result "1-0"]
[WhiteElo "2264"]
[BlackElo "2152"]

1.e4 Nc6 2.Nf3 e6 3.d4 d5 4.Nbd2 Nf6 5.e5 Nd7 6.Be2 b6 7.O-O a5 8.c4 dxc4
9.Nxc4 Nb4 10.Ng5 h6 11.Nxe6 {#r} 1-0

[Event "It (open)"]
[Site "masterchessopen.com – Nuernberg (Germany)"]
[Round "0"]
[White "Rott Georg (GER)"]
[Black "Seyb Dieter (GER)"]
[Result "0-1"]
[WhiteElo "2219"]
[BlackElo "2252"]

1.e4 e6 2.d4 d5 3.Nd2 Nc6 4.Ngf3 Nf6 5.e5 Nd7 6.c3 f6 7.exf6 Qxf6 8.Be2 Bd6
9.O-O O-O 10.Nb3 b6 11.Bg5 Qf7 12.Bh4 Bb7 13.Ng5 Qg6 14.Bd3 Qh6 15.g3 e5
16.Qg4 Nf6 17.Qe6+ Kh8 18.Qh3 e4 19.Be2 Bc8 20.Qg2 Ne7 21.c4 Nf5 22.cxd5 Nxh4
23.gxh4 Qxh4 24.Ne6 Bxe6 25.dxe6 Nd5 26.f4 Nxf4 27.Qg4 Nxe2+ 28.Qxe2 Rfe8 {#R}
0-1

[Event "Ch Uruguay"]
[Site "masterchessopen.com – Uruguay"]
[Round "0"]
[White "Perchman Daniel (URU)"]
[Black "Bauza Alejandro (URU)"]
[Result "1-0"]
[WhiteElo "2327"]
[BlackElo "2205"]

1.e4 e6 2.d4 d5 3.Nd2 Nc6 4.Ngf3 Nf6 5.exd5 exd5 6.c3 Bf5 7.Be2 Bd6 8.O-O O-O
9.Re1 Re8 10.Nf1 Ne4 11.Ng3 Bg6 12.Bd3 Qd7 13.Bxe4 dxe4 14.Nh4 Bxg3 15.hxg3
Qd5 16.Nxg6 hxg6 17.Bf4 g5 18.Qh5 f6 19.Bd2 Ne7 20.g4 Nc8 21.Qxe8+ {#r} 1-0

[Event "It (open)"]
[Site "masterchessopen.com – Adelaide (Australia)"]
[Round "0"]
[White "Tredinnick Malcolm Robert (AUS)"]
[Black "Ferris David (AUS)"]
[Result "1-0"]
[WhiteElo "2163"]
[BlackElo "2325"]

1.e4 e6 2.d4 d5 3.Nd2 Nc6 4.Ngf3 Nf6 5.e5 Ne4 6.c3 Nxd2 7.Bxd2 b6 8.Bd3 Bb7
9.Qe2 Qd7 10.a4 Na5 11.b4 Nb3 12.Rb1 Nxd2 13.Kxd2 Be7 14.h4 Rc8 15.Rb2 c5
16.bxc5 bxc5 17.Rhb1 Bc6 18.Ba6 Rd8 19.Rb7 Bxb7 20.Rxb7 c4 21.Bb5 {#r} 1-0

[Event "It (open)"]
[Site "masterchessopen.com – Budapest (Hungary)"]
[Round "0"]
[White "Kiss Viktor (HUN)"]
[Black "Zontakh Andrey (UKR)"]
[Result "0-1"]
[WhiteElo "2214"]
[BlackElo "2569"]

1.e4 e6 2.d4 d5 3.Nd2 Nc6 4.Ngf3 Nf6 5.e5 Nd7 6.Nb3 a5 7.a4 Be7 8.c3 f6 9.exf6
Bxf6 10.Bb5 O-O 11.O-O e5 12.Bxc6 bxc6 13.dxe5 Nxe5 14.Nfd4 Qe8 15.f4 Bg4
16.Qe1 Nd3 17.Qg3 Be2 18.Bd2 Bxf1 19.Rxf1 Nxb2 20.Re1 Qh5 21.Ne6 Rf7 22.Nbc5
Nc4 23.Qf2 Qf5 24.Rc1 Rb8 25.Qe1 Re7 26.h3 Rxe6 27.Nxe6 Re8 {#R} 0-1

[Event "It (open)"]
[Site "masterchessopen.com – Clichy (France)"]
[Round "0"]
[White "Bernard Christophe (FRA)"]
[Black "Prie Eric (FRA)"]
[Result "0-1"]
[WhiteElo "1694"]
[BlackElo "2476"]

1.e4 e6 2.d4 d5 3.Nd2 Nc6 4.Ngf3 Nf6 5.e5 Nd7 6.Be2 Be7 7.O-O O-O 8.b3 f6
9.exf6 Bxf6 10.Bb2 e5 11.dxe5 Ndxe5 12.Nd4 Ng6 13.Nxc6 bxc6 14.Bxf6 Qxf6 15.c4
Nf4 16.Bf3 Bf5 17.cxd5 cxd5 18.Re1 Qg6 19.Nf1 Nh3+ {#R} 0-1

[Event "Ch Europe (juniors)"]
[Site "masterchessopen.com – Denmark"]
[Round "0"]
[White "Zjukin Sergei (EST)"]
[Black "Topalov Veselin (BUL)"]
[Result "0-1"]
[WhiteElo "2306"]
[BlackElo "2485"]

1.e4 e6 2.d4 d5 3.Nd2 Nc6 4.Ngf3 Nf6 5.e5 Nd7 6.Be2 f6 7.exf6 Qxf6 8.Nf1 Bd6
9.Ne3 O-O 10.O-O Qg6 11.c4 Nf6 12.g3 b6 13.cxd5 Nxd5 14.Nxd5 exd5 15.Ne5 Bxe5
16.dxe5 Bh3 17.Re1 Qf7 18.f4 Nxe5 19.Bb5 Ng6 20.g4 Rae8 21.Bd2 Rxe1+ 22.Qxe1
Qf6 23.f5 Ne5 24.Qg3 Nxg4 25.Bc3 Qg5 26.Re1 c5 27.f6 Qh5 28.fxg7 Rc8 29.Re7
Nh6 {#R} 0-1

[Event "Cup World (cat.16)"]
[Site "masterchessopen.com – Reykjavik (Iceland)"]
[Round "0"]
[White "Khalifman Alexander (RUS)"]
[Black "Timman Jan H (NED)"]
[Result "1-0"]
[WhiteElo "2630"]
[BlackElo "2630"]

1.e4 e6 2.d4 d5 3.Nd2 Nc6 4.Ngf3 Nf6 5.e5 Nd7 6.Be2 f6 7.exf6 Nxf6 8.O-O Bd6
9.c4 b6 10.cxd5 { !? } ( 10.b3 O-O 11.Bb2 { ? } ) 10...exd5 ( 10...Nxd5 11.Ne4
{ ± } ) 11.Bb5 Bd7 12.Re1+ ( 12.Bxc6 Bxc6 13.Re1+ Ne4 { ? } ) 12...Ne7
13.Bxd7+ Qxd7 14.Ne5 Qf5 ( 14...Qb5 15.a4 { ± } ) 15.Qa4+ ( 15.g4 { ?! }
15...Qe6 { ! } 16.Ng6 Qxe1+ 17.Qxe1 hxg6 { ? } ) 15...Kf8 ( 15...c6 16.Nxc6
Qd7 ( 16...Bxh2+ 17.Kf1 { ! } ( 17.Kxh2 Ng4+ 18.Kh1 Qh5+ 19.Kg1 Qh2+ 20.Kf1
O-O 21.Nxe7+ Kh8 { ? } ) 17...Qd3+ 18.Re2 Kf7 19.Nxe7 Rhe8 20.Qa3 { ! }
20...Qxa3 21.bxa3 Rxe7 22.Rxe7+ Kxe7 23.g3 { +?? } ) 17.b3 { ! } 17...b5
18.Qa6 { ± } ) 16.Nf1 ( 16.Ndf3 { !? } ) 16...Bxe5 { ? } ( 16...Ng4 { ! }
17.f4 h5 { ! } ( 17...Bxe5 18.dxe5 h5 ( 18...Qe6 19.h3 Nh6 20.g4 { ! }
20...Nxg4 { ?! } 21.f5 { ! } ) 19.h3 ( 19.Ng3 Qd3 { ? } ) 19...Nh6 20.e6 { ! }
20...c5 21.Bd2 { ? } ) 18.h3 ( 18.Bd2 Bxe5 { ! } 19.dxe5 Qe6 { = } ) 18...Nf6
19.Ng3 ( 19.Ne3 { ?! } 19...Qxf4 { ! } 20.Nxd5 { ? } 20...Qh4 { ! } ) ( 19.Bd2
{ ? } ) 19...Qc8 { ? } ) 17.dxe5 ( 17.Rxe5 Qd7 { = } ) 17...Ng4 ( 17...Nd7
18.Ng3 Qe6 19.Nh5 { ! } ) ( 17...Ne4 18.Be3 { ! } ) 18.Bf4 { ! ± } ( 18.f4 h5
19.h3 Nh6 20.e6 { ? } ) 18...c5 ( 18...g5 19.Bg3 h5 ( 19...Qe6 20.Nd2 { ! } )
20.Ne3 { ± } ) 19.Ng3 Qe6 ( 19...b5 20.Nxf5 bxa4 21.Nd6 { ± } ) 20.Bg5 { ! }
20...Nh6 ( 20...d4 21.b4 { ! } 21...c4 { ?! } 22.Qd1 { ! } 22...Rd8 23.Qf3+
Ke8 24.Bxe7 Kxe7 25.Nf5+ { +?? } ) 21.f4 Nef5 ( 21...Nhf5 22.Bxe7+ Kxe7
23.Nxf5+ Qxf5 24.e6 Rhd8 25.Re5 { +?? } ) 22.Bxh6 gxh6 ( 22...Nxh6 23.f5 { +??
} ) 23.Nxf5 Qxf5 24.Qc6 { +?? } 24...Kg7 25.Qxd5 Qxf4 26.Re4 Qf5 27.Qb7+ Kg6
28.Rf1 { } {#r} 1-0

[Event "It (open)"]
[Site "masterchessopen.com – Bern (Switzerland)"]
[Round "3"]
[White "Osborne Marcus E (ENG)"]
[Black "Contin Daniel (ITA)"]
[Result "0-1"]
[WhiteElo "2233"]
[BlackElo "2312"]

1.e4 e6 2.d4 d5 3.Nd2 Nc6 4.Ngf3 Nf6 5.e5 Nd7 6.c3 f6 7.exf6 Qxf6 8.Bb5 e5
9.c4 e4 10.Ne5 Ncxe5 11.dxe5 Qxe5 12.cxd5 c6 13.dxc6 Qxb5 14.cxd7+ Bxd7
15.Nxe4 Bb4+ 16.Bd2 O-O-O 17.Rc1+ Bc6 18.Qg4+ Kb8 19.Qg3+ Ka8 20.Nc3 Rhe8+
21.Be3 Qd3 22.Qg4 Bxg2 23.Qxg2 Qd2+ 24.Kf1 Qxc1+ {#R} 0-1

[Event "Ch World (juniors) (under 14)"]
[Site "masterchessopen.com – Duisburg (Germany)"]
[Round "0"]
[White "Eckert Frank (GER)"]
[Black "Soln Primoz (SLO)"]
[Result "0-1"]
[WhiteElo "2239"]
[BlackElo "2387"]

1.e4 e6 2.d4 d5 3.Nd2 Nc6 4.Ngf3 Nf6 5.e5 Nd7 6.Be2 f6 7.exf6 Qxf6 8.Nf1 e5
9.dxe5 Ndxe5 10.Qxd5 Be6 11.Qd1 Rd8 12.N1d2 Bc5 13.O-O O-O 14.Qe1 Qg6 15.Nxe5
Nxe5 16.Bd1 Bd5 17.g3 Rde8 18.Be2 Ng4 {#R} 0-1

[Event "Ch Croatia (team)"]
[Site "masterchessopen.com – Pula (Croatia)"]
[Round "2"]
[White "Zamostni Jan (CRO)"]
[Black "Kobe Uros (SLO)"]
[Result "1-0"]
[WhiteElo "2265"]
[BlackElo "2199"]

1.e4 e6 2.d4 d5 3.Nd2 Nc6 4.Ngf3 Nf6 5.e5 Nd7 6.c3 f6 7.exf6 Nxf6 8.Ne5 Bd7
9.Bd3 Be7 10.Ndf3 Nxe5 11.Nxe5 c5 12.O-O O-O 13.Re1 cxd4 14.cxd4 Qb6 15.Re3
Bd6 16.Rh3 Bxe5 17.dxe5 Ne4 18.Be3 Qxb2 19.Bxe4 dxe4 20.Bd4 Qb5 21.Qh5 h6
22.Rg3 Kh8 23.Qg6 Rg8 24.Rh3 Rgf8 25.Rg3 Rg8 26.Rh3 Rgf8 {#r} 1-0

[Event "It (open)"]
[Site "masterchessopen.com – Werfen (Austria)"]
[Round "6"]
[White "Devide Zoran (CRO)"]
[Black "Zoister Stefan (AUT)"]
[Result "1-0"]
[WhiteElo "2296"]
[BlackElo "2229"]

1.e4 Nc6 2.Nf3 e6 3.d4 d5 4.Nbd2 Nf6 5.e5 Ne4 6.c3 Nxd2 7.Bxd2 b6 8.Bd3 Bb7
9.Qe2 Qd7 10.O-O h5 11.Rac1 Na5 12.b3 Ba3 13.Rc2 Be7 14.c4 dxc4 15.bxc4 Qa4
16.c5 O-O-O 17.cxb6 axb6 18.Rfc1 c5 19.dxc5 Bxc5 20.Rxc5+ bxc5 21.Rxc5+ Kb8
22.Rxa5 Qg4 23.Qe3 Rd5 24.Qa7+ Kc7 25.Rxd5 exd5 26.Ba5+ {#r} 1-0

[Event "Ch URS (juniors)"]
[Site "masterchessopen.com – Yurmala (Latvia)"]
[Round "0"]
[White "Svidler Peter (RUS)"]
[Black "Vysochin Spartak (UKR)"]
[Result "1-0"]
[WhiteElo "2455"]
[BlackElo "2558"]

1.e4 e6 2.d4 d5 3.Nd2 Nc6 4.Ngf3 Nf6 5.e5 Nd7 6.Be2 f6 7.exf6 Nxf6 8.O-O Bd6
9.Re1 O-O 10.c4 b6 11.b3 Bb7 12.Bb2 Ne4 13.cxd5 exd5 14.Nxe4 dxe4 15.Bc4+ Kh8
16.Rxe4 Ne7 17.d5 Nxd5 18.Bxd5 Bxd5 19.Rg4 Rf7 20.Ng5 Re7 21.Qc2 Bg8 22.Rh4
Re1+ 23.Rxe1 Qxg5 24.Qe4 {#r} 1-0

[Event "It (open) \"]
[Site "masterchessopen.com – Buenos Aires (Argentina)"]
[Round "8"]
[White "Uncal Jose (ARG)"]
[Black "Zarnicki Pablo (ARG)"]
[Result "0-1"]
[WhiteElo "2117"]
[BlackElo "2455"]

1.e4 e6 2.d4 d5 3.Nd2 Nc6 4.Ngf3 Nf6 5.e5 Nd7 6.Bd3 Nb4 7.Be2 c5 8.c3 Nc6
9.O-O Be7 10.Re1 Qb6 11.Nf1 f6 12.Bd3 O-O 13.Ng3 f5 14.Ne2 Qd8 15.Be3 g5 16.g3
c4 17.Bc2 b5 18.Qd2 g4 19.Nh4 Bxh4 20.gxh4 Qxh4 21.Bg5 Qh5 22.Be3 a5 23.Nf4
Qf7 24.Kg2 Rb8 25.Rh1 Bb7 26.f3 Ndxe5 27.dxe5 Nxe5 28.Kf2 Nxf3 29.Qe2 e5
30.Ng2 d4 {#R} 0-1

[Event "Ch NRW"]
[Site "masterchessopen.com – Cologne (Germany)"]
[Round "3"]
[White "Pick Stepan (CZE)"]
[Black "Turco Alfonso (ITA)"]
[Result "1-0"]
[WhiteElo "2169"]
[BlackElo "2074"]

1.e4 Nc6 2.Nf3 e6 3.d4 d5 4.Nbd2 Nf6 5.e5 Ne4 6.c3 Nxd2 7.Bxd2 Bd7 8.Bd3 Na5
9.Ng5 g6 10.Qg4 h6 11.Nxf7 Qe7 12.Nxh8 O-O-O 13.Nxg6 Qg7 14.Qh3 Nc4 15.Nxf8
Nxd2 16.Nxd7 Qg5 17.Qg3 {#r} 1-0

[Event "Tournament (juniors) (under 20)"]
[Site "masterchessopen.com – Klinge (Germany)"]
[Round "5"]
[White "Schulzke Erich (GER)"]
[Black "Florea Dan (GER)"]
[Result "1-0"]
[WhiteElo "2235"]
[BlackElo "2304"]

1.e4 e6 2.d4 d5 3.Nd2 Nc6 4.Ngf3 Nf6 5.e5 Nd7 6.Bd3 Nb4 7.Be2 c5 8.c3 Nc6
9.O-O f6 10.exf6 Qxf6 11.Re1 Bd6 12.Nf1 O-O 13.Ng3 h6 14.Be3 Ne7 15.Bd3 b6
16.Bc2 e5 17.dxe5 Nxe5 18.Nxe5 Bxe5 19.Qd3 g6 20.Bxh6 Rf7 21.Qd2 Qh8 22.Bg5
Bf6 23.Rxe7 Bxe7 24.Bxe7 Bb7 25.Bg5 Raf8 26.f4 Rh7 27.Qe2 Bc8 28.Qe5 {#r} 1-0

[Event "Ch Scotland"]
[Site "masterchessopen.com – Scotland"]
[Round "0"]
[White "Henderson John B (SCO)"]
[Black "Buchanan Walter F (SCO)"]
[Result "1-0"]
[WhiteElo "2184"]
[BlackElo "2127"]

1.e4 e6 2.d4 d5 3.Nd2 Nc6 4.Ngf3 Nf6 5.e5 Nd7 6.c3 f6 7.exf6 Qxf6 8.Bb5 Bd6
9.O-O O-O 10.Nb3 e5 11.dxe5 Ndxe5 12.Be2 Bg4 13.Qxd5+ Kh8 14.Nbd4 Nxd4 15.Nxd4
Bxe2 16.Nxe2 Qh4 17.f4 Ng4 18.h3 Rae8 19.Qd3 Bc5+ 20.Nd4 Nh6 21.Be3 Bb6 22.b4
Re7 23.Rf3 Rfe8 24.Bf2 Qf6 25.Rf1 Re4 26.f5 R4e5 27.g4 Qg5 28.Ne6 Qh4 29.Bxb6
cxb6 30.Qd4 {#r} 1-0

[Event "Ch Croatia"]
[Site "masterchessopen.com – Zagreb (Croatia)"]
[Round "7"]
[White "Ryznar Vladimir (CRO)"]
[Black "Pandurevic Miro (CRO)"]
[Result "0-1"]
[WhiteElo "2106"]
[BlackElo "2289"]

1.e4 e6 2.d4 d5 3.Nd2 Nc6 4.Ngf3 Nf6 5.e5 Nd7 6.c3 f6 7.exf6 Qxf6 8.Bb5 Bd6
9.Qe2 O-O 10.O-O e5 11.Bxc6 bxc6 12.dxe5 Nxe5 13.Nxe5 Bxe5 14.Nb3 a5 15.Re1
Ba6 16.Bg5 Bxh2+ 17.Kxh2 Qxg5 18.Qe6+ Kh8 19.f3 Bc8 20.Qe7 Qf4+ 21.Kg1 Rb8
22.Rad1 Bf5 23.Nd4 Rf6 24.Nxc6 Rbf8 25.Rd4 Be4 26.Qe5 Qh4 27.Rf1 Rh6 28.Qe7
Qh2+ 29.Kf2 Rxf3+ 30.Ke1 Rxf1+ {#R} 0-1

[Event "Ch Europe (juniors) (under 16)"]
[Site "masterchessopen.com – Baile Herculane (Romania)"]
[Round "0"]
[White "Tzoumbas Anastasios (GRE)"]
[Black "Vartapetyan Armen (UKR)"]
[Result "0-1"]
[WhiteElo "2415"]
[BlackElo "2143"]

1.e4 e6 2.d4 d5 3.Nd2 Nc6 4.Ngf3 Nf6 5.e5 Nd7 6.c3 f6 7.Bb5 fxe5 8.dxe5 Be7
9.O-O O-O 10.Qe2 Qe8 11.Re1 a6 12.Ba4 a5 13.c4 Nc5 14.Bb5 Qf7 15.Nb1 Na7
16.Nc3 Qg6 17.Be3 Nd3 18.Red1 Nxb5 19.Nxb5 dxc4 20.Nxc7 Bd7 21.Nd4 Rac8
22.Ncb5 Rc5 23.Na3 b5 24.Qd2 Rxe5 25.Rf1 Rd5 26.Qc2 Bxa3 27.bxa3 e5 28.Ne2 Nf4
{#R} 0-1

[Event "Ch Australia"]
[Site "masterchessopen.com – Melbourne (Australia)"]
[Round "11"]
[White "Kontorovich Michael (AUS)"]
[Black "Reeves Tristan (AUS)"]
[Result "1-0"]
[WhiteElo "2385"]
[BlackElo "2241"]

1.e4 e6 2.d4 d5 3.Nd2 Nc6 4.Ngf3 Nf6 5.e5 Nd7 6.Nb3 Be7 7.Bb5 Ncb8 8.Bd3 a5
9.Bf4 b6 10.c4 a4 11.Nbd2 Nc6 12.a3 Ba6 13.Rc1 Na5 14.O-O dxc4 15.Nxc4 Nxc4
16.Bxc4 Bxc4 17.Rxc4 b5 18.Rc2 Nb6 19.Qd3 Qd7 20.Bg5 Bxg5 21.Nxg5 h6 22.Ne4
O-O 23.Rc5 Rad8 24.Rd1 Qe7 25.Rxb5 {#r} 1-0

[Event "Olympiad"]
[Site "masterchessopen.com – Moscow (Russia)"]
[Round "11"]
[White "Kupreichik Viktor D (BLR)"]
[Black "Johannessen Svein (NOR)"]
[Result "0-1"]
[WhiteElo "2545"]
[BlackElo "2330"]

1.e4 e6 2.d4 d5 3.Nd2 Nc6 4.Ngf3 Nf6 5.e5 Nd7 6.c3 f6 7.exf6 Qxf6 8.Bd3 Bd6
9.Qc2 g6 10.O-O O-O 11.Re1 e5 12.Qb3 Qf7 13.Kh1 Kh8 14.Ng5 Qf6 15.Ndf3 e4
16.Nxe4 dxe4 17.Bxe4 Qg7 18.h4 h5 19.Qc2 Ne7 20.Bg5 Nf6 21.c4 Nh7 22.c5 Nxg5
23.cxd6 {#R} 0-1

[Event "It (open)"]
[Site "masterchessopen.com – Sarospatak (Hungary)"]
[Round "0"]
[White "Botka Peter (HUN)"]
[Black "Hevesi Zoltan (HUN)"]
[Result "0-1"]
[WhiteElo "2165"]
[BlackElo "2074"]

1.e4 e6 2.d4 d5 3.Nd2 Nc6 4.Ngf3 Nf6 5.e5 Nd7 6.c3 f6 7.exf6 Qxf6 8.Bb5 Bd6
9.Nf1 O-O 10.Ng3 e5 11.O-O e4 12.Ne1 Qh4 13.Nc2 Nf6 14.Ne3 Ne7 15.Bd2 Ng6
16.Nef5 Bxf5 {#R} 0-1

[Event "Ch Slovakia (team) 1993/94 (2 liga) (b)"]
[Site "masterchessopen.com – Slovakia"]
[Round "10"]
[White "Gutdeutsch Otto (AUT)"]
[Black "Dorica Igor (SVK)"]
[Result "0-1"]
[WhiteElo "1931"]
[BlackElo "2233"]

1.e4 e6 2.d4 d5 3.Nd2 Nc6 4.Ngf3 Nf6 5.e5 Nd7 6.Bb5 a6 7.Bxc6 bxc6 8.Nf1 Be7
9.Ne3 c5 10.c3 O-O 11.Bd2 a5 12.Qc2 Ba6 13.h4 Re8 14.Ng5 Nf8 15.Ng4 Qd7 16.h5
Qb5 17.O-O-O cxd4 18.cxd4 c5 19.Nf3 Rec8 20.Bc3 a4 21.a3 Rab8 22.Ne3 Qb6 23.g4
cxd4 24.Nxd4 Nd7 25.f4 Nc5 26.Rh3 Ne4 27.Ng2 Bxa3 {#R} 0-1

[Event "Ch Germany (seniors)"]
[Site "masterchessopen.com – Germany"]
[Round "0"]
[White "Niebling Ferdinand (GER)"]
[Black "Lieb Harald (GER)"]
[Result "1-0"]
[WhiteElo "2178"]
[BlackElo "2255"]

1.e4 e6 2.d4 d5 3.Nd2 Nc6 4.Ngf3 Nf6 5.e5 Nd7 6.c3 f6 7.exf6 Qxf6 8.Bb5 Ncb8
9.O-O Bd6 10.Qe2 O-O 11.Re1 Re8 12.Ne5 a6 13.Bd3 c5 14.Bxh7+ Kf8 15.Ndf3 Bxe5
16.dxe5 Qd8 17.Bg5 Nf6 18.Bg6 {#r} 1-0

[Event "Ch Finland"]
[Site "masterchessopen.com – Helsinki (Finland)"]
[Round "0"]
[White "Taivainen Jukka (FIN)"]
[Black "Raaste Eero J (FIN)"]
[Result "1-0"]
[WhiteElo "2262"]
[BlackElo "2360"]

1.e4 e6 2.d4 d5 3.Nd2 Nc6 4.Ngf3 Nf6 5.e5 Nd7 6.Nb3 Be7 7.c3 a5 8.a4 b6 9.Bb5
Ncb8 10.O-O Ba6 11.Bf4 h6 12.Qe2 Qc8 13.Ne1 O-O 14.Nd2 Qb7 15.Be3 f5 16.exf6
Bxf6 17.Qg4 Kf7 18.Nd3 c6 19.Nf4 Re8 20.Qg6+ Kf8 21.Bxa6 Nxa6 22.Nh5 Ke7
23.Nxg7 Rg8 24.Bxh6 Nf8 25.Nf5+ {#r} 1-0

[Event "It (open)"]
[Site "masterchessopen.com – Linares (Spain)"]
[Round "0"]
[White "Zarnicki Pablo (ARG)"]
[Black "Guerrero Rafael (CUB)"]
[Result "1-0"]
[WhiteElo "2570"]
[BlackElo "2302"]

1.e4 e6 2.d4 d5 3.Nd2 Nc6 4.Ngf3 Nf6 5.e5 Nd7 6.Be2 f6 7.exf6 Nxf6 8.Nf1 a6
9.Ne3 Bd6 10.O-O O-O 11.b3 e5 12.dxe5 Nxe5 13.Nxd5 Nfg4 14.g3 Nxf3+ 15.Bxf3
Rxf3 16.Qxf3 Ne5 17.Qc3 Be6 18.Nf4 Bd7 19.Bb2 Bc6 20.f3 Qf6 21.Rae1 Re8 22.Nd3
Nxf3+ 23.Rxf3 Bc5+ 24.Qxc5 Qxf3 25.Rxe8+ Bxe8 {#r} 1-0

[Event "Ch World (juniors)"]
[Site "masterchessopen.com – Sao Lourenco (Brazil)"]
[Round "9"]
[White "Theuretzbacher Klaus (AUT)"]
[Black "Roiz Michael (ISR)"]
[Result "0-1"]
[WhiteElo "2234"]
[BlackElo "2668"]

1.e4 e6 2.d4 d5 3.Nd2 Nc6 4.Ngf3 Nf6 5.e5 Nd7 6.Bb5 a6 7.Bxc6 bxc6 8.Nb3 a5
9.Bg5 Be7 10.Bxe7 Qxe7 11.O-O O-O 12.Qd2 a4 13.Nc1 c5 14.c3 cxd4 15.cxd4 c5
16.Ne2 Ba6 17.Rfc1 Bxe2 18.Qxe2 c4 19.Rc3 Rfb8 20.h4 Qb4 21.Rc2 a3 22.bxa3
Rxa3 23.Nd2 Rc3 24.Rcc1 Rxc1+ 25.Rxc1 Qb2 26.Qe1 Qxa2 27.Ra1 Qb2 28.Rb1 Qxd4
29.Rxb8+ Nxb8 {#R} 0-1

[Event "It (open)"]
[Site "masterchessopen.com – Sao Paulo (Brazil)"]
[Round "3"]
[White "Cajal Andre (BRA)"]
[Black "Rodrigues Adriano (BRA)"]
[Result "1-0"]
[WhiteElo "2081"]
[BlackElo "2265"]

1.e4 e6 2.d4 d5 3.Nd2 Nc6 4.Ngf3 Nf6 5.e5 Nd7 6.c3 f6 7.exf6 Qxf6 8.Bb5 Bd6
9.Nf1 O-O 10.Ng3 e5 11.Be3 e4 12.Nd2 Ne7 13.Qb3 Kh8 14.O-O-O c6 15.Be2 Qf7
16.f3 exf3 17.Nxf3 Qe6 18.c4 Bxg3 19.hxg3 Nf5 20.Ng5 Qg6 21.Nxh7 Nh6 22.Nxf8
Nxf8 23.Bxh6 gxh6 24.Qe3 Kg7 25.Qe5+ Kg8 26.Rdf1 Qg5+ 27.Qxg5+ hxg5 28.Rh5 Ne6
29.Bg4 {#r} 1-0

[Event "Ch Yugoslavia (team) (2 liga)"]
[Site "masterchessopen.com – Tivat (Yugoslavia)"]
[Round "3"]
[White "Dimitrov Vladimir (BUL)"]
[Black "Jacimovic Dragoljub (MKD)"]
[Result "1-0"]
[WhiteElo "2520"]
[BlackElo "2415"]

1.e4 e6 2.d4 d5 3.Nd2 Nc6 4.Ngf3 Nf6 5.e5 Nd7 6.Bd3 Be7 7.O-O b6 8.a3 Ncb8
9.c4 Bb7 10.cxd5 Bxd5 11.Ne4 c5 12.Bg5 O-O 13.Bxe7 Qxe7 14.Nc3 cxd4 15.Nxd5
exd5 16.Re1 Nc5 17.Nxd4 Nbd7 18.Bb5 Kh8 19.Nc6 Qe6 20.Nb4 a5 21.Nxd5 Rad8
22.Nc7 Qf5 23.Qf3 Qxf3 24.gxf3 Nb3 25.e6 fxe6 26.Nxe6 Nxa1 27.Nxd8 Rxd8 28.Rd1
Nc2 {#r} 1-0

[Event "It (open)"]
[Site "masterchessopen.com – Aegina (Greece)"]
[Round "3"]
[White "Papaioannou Ioannis (GRE)"]
[Black "Raptis Georgios (GRE)"]
[Result "1-0"]
[WhiteElo "2495"]
[BlackElo "2151"]

1.Nf3 Nc6 2.e4 e6 3.d4 d5 4.Nbd2 Nf6 5.e5 Ne4 6.Bd3 Nxd2 7.Bxd2 Nb4 8.Be2 c5
9.c3 Nc6 10.O-O cxd4 11.cxd4 Be7 12.Bd3 O-O 13.Qc2 g6 14.Bb5 Qb6 15.Bxc6 bxc6
16.h4 Rb8 17.Rab1 c5 18.dxc5 Bxc5 19.b4 Be7 20.Be3 Qa6 21.Bc5 Bxc5 22.bxc5 Bb7
23.Rb4 Bc6 24.Rxb8 Rxb8 25.Qd2 Kg7 26.h5 Qc4 27.Qg5 Qxc5 28.Rc1 {#r} 1-0

[Event "Tournament (KO-system)"]
[Site "masterchessopen.com – Athens (Greece)"]
[Round "2"]
[White "Mastrokoukos Georgios (GRE)"]
[Black "Skalkotas Nikolaos (GRE)"]
[Result "0-1"]
[WhiteElo "2375"]
[BlackElo "2310"]

1.e4 e6 2.d4 d5 3.Nd2 Nc6 4.Ngf3 Nf6 5.e5 Nd7 6.c3 f6 7.exf6 Qxf6 8.Bd3 Bd6
9.Nf1 e5 10.dxe5 Ncxe5 11.Be2 c6 12.Ng3 Nxf3+ 13.Bxf3 Ne5 14.Bh5+ g6 15.Be2
Bc5 16.O-O O-O 17.Be3 Bd6 18.f4 Nf7 19.Bd4 Qh4 20.Qd2 Bd7 21.c4 Rae8 22.cxd5
cxd5 23.Rae1 Bc6 24.Bc3 Bc5+ 25.Kh1 Nh6 26.Be5 d4 27.Bf3 Ng4 28.Bxg4 Qxg4
29.Bxd4 Rd8 {#R} 0-1

[Event "Ch Italy \"]
[Site "masterchessopen.com – Montecatini Terme (Italy)"]
[Round "7"]
[White "Caruso Augusto (ITA)"]
[Black "Sedina Elena (ITA)"]
[Result "0-1"]
[WhiteElo "2210"]
[BlackElo "2345"]

1.e4 e6 2.d4 d5 3.Nd2 Nc6 4.Ngf3 Nf6 5.e5 Nd7 6.Nb3 Be7 7.Bb5 a5 8.a4 Na7
9.Be2 b6 10.c3 c5 11.dxc5 bxc5 12.h4 Qc7 13.Bg5 Bxg5 14.hxg5 Nxe5 15.Nxe5 Qxe5
16.Qd2 Ba6 17.Nxc5 Bxe2 18.f4 Qc7 19.Qd4 Bg4 20.b4 axb4 21.cxb4 O-O {#R} 0-1